Traduction de Vocabulaire Espéranto en Français - Statistiques

Statistiques générales
  • Ce quiz a été pris 69 fois
  • Le résultat moyen est 11 sur 16
Statistiques - réponses
Espéranto Français % Correct
Floro F{leur}
98%
Historio H{istoire}
97%
Francio F{rance}
93%
Birdo O{iseau}
92%
Lakto L{ait}
77%
Manĝu M{anger}
77%
Komputilo O{rdinateur}
70%
Lumo L{umière}
68%
Flago D{rapeau}
65%
Suno S{oleil}
60%
Sako S{ac}
55%
Lingvo L{angue}
53%
Teksto T{exte}
53%
Ruĝa R{ouge}
50%
Kial P{ourquoi}
25%
Fajro F{eu}
20%
Aucun quiz correspondant
Distribution des résultats
% des personnes avec chaque résultat
Percentile par nombre de réponses
Votre historique - résultats
Vous n’avez pas pris ce quiz